Statistics for Eliteserien Premiership (Norway) Top 4 Positions

Click here to take the quiz!

General Stats

  • This quiz has been taken 395 times
  • The average score is 19 of 37

Answer Stats

Answer% Correct
Rosenborg
99%
Molde
96%
Bodo/Glimt
94%
Brann
87%
Tromso
85%
Viking
85%
Valerenga
83%
Lillestrom
78%
Aalesund
75%
Stromsgodset
75%
Haugesund
73%
Stabaek
73%
Odd
72%
Sarpsborg
70%
Sarpsborg 08
70%
Fredrikstad
67%
Start
67%
Lyn
63%
Sandefjord
57%
Kristiansund
56%
Mjondalen
49%
Moss
44%
Kongsvinger
39%
Skeid
37%
Bryne
33%
Eik-Tonsberg
28%
Larvik Turn
28%
Hamarkameratene
23%
Frigg
21%
Fram Larvik
18%
Asker
14%
Strommen
13%
Djerv
11%
Steinkjer
11%
Sparta
8%
Freidig
7%
Hardy
2%

Score Distribution

Percentile by Number Answered

Percent of People with Each Score

Your Score History

You have not taken this quiz